Leaving London : planned mobility and the inner city /

Збережено в:
Бібліографічні деталі
Автор: Deakin, Nicholas
Інші автори: Ungerson, Clare (joint author.)
Формат: Книга
Мова:English
Опубліковано: London : Heinemann, 1977.
Серія:Centre for Environmental Studies series
Предмети:
LEADER 01312nam a2200349 a 4500
001 c000132206
003 CARM
005 20000816203638.0
008 780623s1977 enk b 001 0 eng
010 |a 78307623 //r90 
015 |a GB*** 
019 1 |a 1236896  |z 12436218  |z 23853484  |5 LACONCORD2021 
020 |a 0435859307 :  |c L.7.75 
035 |a (OCoLC)4069523  |5 LACONCORD2021 
040 |a LC  |b eng  |c LC  |d NNCU:A 
043 |a e-uk-en 
050 0 0 |a HB996.L6  |b D4 
082 0 0 |a 301.32/6/094212 
100 1 |a Deakin, Nicholas. 
245 1 0 |a Leaving London :  |b planned mobility and the inner city /  |c Nicholas Deakin, Clare Ungerson. 
260 |a London :  |b Heinemann,  |c 1977. 
300 |a xiv, 194 p. ;  |c 23 cm. 
440 0 |a Centre for Environmental Studies series 
504 |a Includes bibliographical references and index. 
650 0 |a Migration, Internal  |z England  |z London. 
650 0 |a Residential mobility  |z England  |z London. 
650 0 |a Inner cities  |z England  |z London. 
651 0 |a London (England)  |x Population. 
700 1 |a Ungerson, Clare,  |e joint author. 
852 8 |b CARM  |h A2:AI17B0  |i B04197  |p 0193618  |f BK 
999 f f |i 10880c05-8259-5e8d-be39-38ec8d37d213  |s 941951a1-8c44-5cec-8112-de7fbebf1bbd 
952 f f |p Can circulate  |a CAVAL  |b CAVAL  |c CAVAL  |d CARM 1 Store  |e B04197  |f A2:AI17B0  |h Other scheme  |i book  |m 0193618